Welcome to the Holygrace Academy Library

Please use search bar below to get started

BAT A NOVEL 6 (Record no. 4998)

MARC details
000 -LEADER
fixed length control field 00292nam a22001337a 4500
020 ## - INTERNATIONAL STANDARD BOOK NUMBER
ISBN 0-590-89800-0
082 ## - DEWEY DECIMAL CLASSIFICATION NUMBER
Classification number 823
Item number WOL/B
100 ## - MAIN ENTRY--AUTHOR NAME
Personal name WOLFF, VIRGINIA
245 ## - TITLE STATEMENT
Title BAT A NOVEL 6
260 ## - PUBLICATION, DISTRIBUTION, ETC. (IMPRINT)
Place of publication NEW YORK
Name of publisher SCHOLASTIC
Year of publication 1999
300 ## - PHYSICAL DESCRIPTION
Number of Pages 230
650 ## - SUBJECT ADDED ENTRY--TOPICAL TERM
Topical Term NOVEL
Geographic subdivision UNITED STATES
942 ## - ADDED ENTRY ELEMENTS (KOHA)
Koha item type Books
Holdings
Withdrawn status Lost status Collection code Home library Current library Shelving location Date acquired Source of acquisition Full call number Accession Number Koha item type
    Fiction Main Library Main Library SHELF 15B-U,V,W SECTION NOVELS& FICTION 06/09/2012 purchase 823 WOL/B 05652 Books